हिन्दी और तेलुगु की आधुनिक कविता में बिम्ब - विधान (Record no. 1433700)

MARC details
000 -LEADER
fixed length control field 00964nam a22002057a 4500
005 - DATE AND TIME OF LATEST TRANSACTION
control field 20250716155142.0
008 - FIXED-LENGTH DATA ELEMENTS--GENERAL INFORMATION
fixed length control field 250716b |||||||| |||| 00| 0 eng d
037 ## - SOURCE OF ACQUISITION
Terms of availability TB
040 ## - CATALOGING SOURCE
Original cataloging agency CRL
Transcribing agency CRL
041 ## - LANGUAGE CODE
Source of code hin
Language code of text/sound track or separate title hin
084 ## - COLON CLASSIFICATION NUMBER
Classification number O1520m35,1:g M4
Assigning agency CRL
100 ## - MAIN ENTRY--PERSONAL NAME
Personal name रेड्डी, तक्कोलु माचि
9 (RLIN) 815785
245 ## - TITLE STATEMENT
Title हिन्दी और तेलुगु की आधुनिक कविता में बिम्ब - विधान
260 ## - PUBLICATION, DISTRIBUTION, ETC.
Place of publication, distribution, etc. आंध्र प्रदेश, भारत:
Name of publisher, distributor, etc. प्रगतिशील लेखक संघ,
Date of publication, distribution, etc. 1984.
300 ## - PHYSICAL DESCRIPTION
Extent 213पृ.
650 ## - SUBJECT ADDED ENTRY--TOPICAL TERM
Topical term or geographic name entry element हिन्दी कविता
650 ## - SUBJECT ADDED ENTRY--TOPICAL TERM
Topical term or geographic name entry element तेलुगु कविता
9 (RLIN) 815786
942 ## - ADDED ENTRY ELEMENTS (KOHA)
Source of classification or shelving scheme Colon Classification (CC)
Koha item type Textbook
Classification part O1520m35,1:g M4
Suppress in OPAC No
Holdings
Withdrawn status Lost status Source of classification or shelving scheme Damaged status Not for loan Home library Current library Date acquired Source of acquisition Cost, normal purchase price Inventory number Total Checkouts Full call number Barcode Date last seen Price effective from Koha item type
    Colon Classification (CC)     Central Library Central Library 2025-07-16 पल्लव 35.00 गिफ्ट   O1520m35,1:g M4 CL1699757 2025-07-16 2025-07-16 Textbook
Copyright @ Delhi University Library System